00745nam a2200205Ia 450000500170000000800410001702000150005804000560007304100080012910000370013724500990017426000390027330000330031260000450034561000350039065000170042565000450044265000290048765000230051620141001113304.0130821s2001 ck ao gr dspa  a9584201484 aCO-BoUCMbspacJose A. Gerena (modificó)d[Nuevo]00aspa1 aSalazar Jaramillo, Alonsod1960-13aLa parábola de Pablo cAlonso Salazar J.bauge y caída de un gran capo del narcotráfico aBogotá (Colombia)bPlanetac2001 a344 páginasbfotografías1 aEscobar Gaviria, Pablo Emiliod1949-1993 7aCartel de MedellínxHistoria07aBiografías07aNarcotraficanteszColombiavBiografías07aNarcotráficozColombia07aProblemas sociales